00380nam a22001337a 450000500170000002000180001703700130003510000210004824500610006926000270013027000390015730000280019649000220022420120127123931.0 a9781406211009 adplbPub aClaybourne, Anna aThe world's most Amazing volcanoes /cby Anna Claybourne aLondonbRaintreec2009 a7 Pilgrim StreetbLondoneEC4V 6LB a32p.bcol.illc27cm(Hb) alandform top tens